HADOOP 2 Quick-Start Guide (Record no. 7047)

MARC details
000 -LEADER
fixed length control field 00284nam a2200121Ia 4500
008 - FIXED-LENGTH DATA ELEMENTS--GENERAL INFORMATION
fixed length control field 191201s2019 xx 000 0 und d
100 ## - MAIN ENTRY--PERSONAL NAME
Personal name EADLINE, Douglas
245 #0 - TITLE STATEMENT
Title HADOOP 2 Quick-Start Guide
260 ## - PUBLICATION, DISTRIBUTION, ETC. (IMPRINT)
Name of publisher, distributor, etc Pearsons
Date of publication, distribution, etc 2019
300 ## - PHYSICAL DESCRIPTION
Extent 278
650 ## - SUBJECT ADDED ENTRY--TOPICAL TERM
Topical term or geographic name as entry element B.Tech(IT)
942 ## - ADDED ENTRY ELEMENTS (KOHA)
Source of classification or shelving scheme Dewey Decimal Classification
Koha item type Text Books
Holdings
Withdrawn status Lost status Source of classification or shelving scheme Damaged status Not for loan Collection code Home library Current library Date acquired Source of acquisition Cost, normal purchase price Bill Number Total Checkouts Full call number Acc. no. / Barcode Date last seen Actual Cost, discounted price Bill Date Koha item type Date last borrowed
    Dewey Decimal Classification     B.Tech(IT) PIET C-LIBRARY PIET C-LIBRARY 21/07/2020 Kirti Prakashan 490.00 IN 3974   005.74 EAH 31250 04/12/2019 333.20 24/05/2019 Text Books  
    Dewey Decimal Classification     B.Tech(IT) PIET C-LIBRARY PIET C-LIBRARY 21/07/2020 Kirti Prakashan 490.00 IN 3974   005.74 EAH 31251 04/12/2019 333.20 24/05/2019 Text Books  
    Dewey Decimal Classification     B.Tech(IT) PIET C-LIBRARY PIET C-LIBRARY 21/07/2020 Kirti Prakashan 490.00 IN 3974 2 005.74 EAH 31252 08/04/2024 333.20 24/05/2019 Text Books 29/03/2024
    Dewey Decimal Classification     B.Tech(IT) PIET C-LIBRARY PIET C-LIBRARY 21/07/2020 Kirti Prakashan 490.00 IN 3974   005.74 EAH 31253 04/12/2019 333.20 24/05/2019 Text Books  
    Dewey Decimal Classification     B.Tech(IT) PIET C-LIBRARY PIET C-LIBRARY 21/07/2020 Kirti Prakashan 490.00 IN 3974 1 005.74 EAH 31254 11/04/2024 333.20 24/05/2019 Text Books 29/03/2024

Design & Developed by: PIET Central Library
R70 Miles Stone Pattikalyana Samalkha Panipat 132102
mail ID :- [email protected], Phone No:- 0180-2569700 Ex.216